000 00616nam a2200229 a 4500
999 _c1018
_d1018
008 191120r20132014ii a|||g |||| 00| 0 eng d
020 _a9788184953640
_cRs. 125.00
040 _aKO
_beng
041 0 _aeng
044 _aii
082 0 4 _223
_a338.76102504
_bG3721
100 1 _aGilbert, Sara
245 1 0 _aThe story of Google /
_cSara Gilbert
260 _aMumbai :
_bJaico Publishing House ,
_c2013, reprinted 2014
300 _a70 p. :
_bill. ;
_c20 cm
504 _aIncludes Index.
650 0 _aGoogle (Firm)
_x History
650 0 _aJuvenile literature
904 _aA_BOSE
942 _cBK